All irregular Verbs - Estadísticas

Estadísticas generales
  • Esta prueba ha sido intentada 49 veces
  • La puntuación promedio es 85 de 153
Estadísticas de respuestas
INFINITVE PAST SIMPLE PAST PARTICIPLE TRANSLATION % Correcto
Feel Felt Felt Sentir
97%
Hit Hit Hit Golpear
97%
Read Read Read Leer
97%
Run Ran Run Correr
97%
Come Came Come Venir
94%
Know Knew Known Saber Conocer
94%
Say Said Said Decir
94%
Cut Cut Cut Cortar
90%
Keep Kept Kept Conservar
90%
Sell Sold Sold Vender
90%
Cast Cast Cast Arrojar
87%
Drink Drank Drunk Beber
87%
Hide Hid Hidden Ocultar
87%
Grow Grew Grown Crecer
84%
Forgive Forgave Forgiven Perdonar
81%
Learn Learnt / Learned Learnt / Learned Aprender
81%
Spill Spilt / Spilled Spilt / Spilled Derramar
81%
Stink Stank/Stunk Stunk Apestar
81%
Creep Crept Crept Arrastrarse
77%
Throw Threw Thrown Arrojar Tirar
77%
Dream Dreamt /Dreamed Dreamt /Dreamed Soñar
74%
Begin Began Begun Empezar
71%
Do (Does) Did Done Hacer
71%
Fly Flew Flown Volar
71%
Lean Leant Leant Apoyarse
71%
Lend Lent Lent Prestar
71%
Smell Smelt Smelt Oler
71%
Lose Lost Lost Perder
68%
Meet Met Met Encontrar
68%
Ride Rode Ridden Montar
68%
Sweat Sweat Sweat Sudar
68%
Write Wrote Written Escribir
68%
Draw Drew Drawn Dibujar
65%
Set Set Set Poner(se)
65%
Tell Told Told Decir
65%
Bet Bet Bet Apostar
61%
Drive Drove Driven Conducir
61%
Forget Forgot Forgotten Olvidar
61%
Get Got Got / Gotten Obtener
61%
Have Had Had Haber o Tener
61%
Lead Led Led Conducir
61%
Rise Rose Risen Levantarse
61%
Sit Sat Sat Sentarse
61%
Become Became Become Llegar a Ser
58%
Bleed Bled Bled Sangrar
58%
Buy Bought Bought Comprar
58%
Build Built Built Edificar
58%
Burn Burnt / Burned Burnt / Burned Quemar
58%
Give Gave Given Dar
58%
Lay Laid Laid Poner
58%
Make Made Made Hacer
58%
Pay Paid Paid Pagar
58%
Put Put Put Poner
58%
Send Sent Sent Enviar
58%
Strike Struck Struck Golpear
58%
Teach Taught Taught Enseñar
58%
Bid Bid Bid Pujar
55%
Bite Bit Bitten Morder
55%
Break Broke Broken Romper
55%
Bring Brought Brought Traer Llevar
55%
Choose Chose Chosen Elegir
55%
Eat Ate Eaten Comer
55%
Feed Fed Fed Alimentar
55%
Fight Fought Fought Luchar
55%
Freeze Froze Frozen Helar
55%
Hear Heard Heard Oir
55%
Hurt Hurt Hurt Herir
55%
Leave Left Left Dejar
55%
Let Let Let Permitir
55%
Mistake Mistook Mistaken Equivocar
55%
Speed Sped Sped Acelerar
55%
Speak Spoke Spoken Hablar
55%
Stride Strode Stridden Dar zancadas
55%
Sing Sang Sung Cantar
55%
Take Took Taken Coger
55%
Think Thought Thought Pensar
55%
Awake Awoke Awoken Despertarse
52%
Bend Bent Bent Doblar
52%
Blow Blew Blown Soplar
52%
Broadcast Broadcast Broadcast Radiar
52%
Catch Caught Caught Coger
52%
Cost Cost Cost Costar
52%
Fall Fell Fallen Caer
52%
Find Found Found Encontrar
52%
Go (Goes) Went Gone Ir
52%
Grind Ground Ground Moler
52%
Hold Held Held Agarrar Celebrar
52%
Light Lit Lit Encender
52%
Mean Meant Meant Significar
52%
See Saw Seen Ver
52%
Sleep Slept Slept Dormir
52%
Spell Spelt Spelt Deletrear
52%
Spend Spent Spent Gastar
52%
Split Split Split Hender / partir / rajar
52%
Spoil Spoilt / Spoiled Spoilt / Spoiled Estropear
52%
Steal Stole Stolen Robar
52%
Sting Stung Stung Picar
52%
Undergo Underwent Undergone Sufrir
52%
Wet Wet Wet Mojar
52%
Wake Woke Woken Despertarse
52%
Arise Arose Arisen Surgir, Levantarse
48%
Burst Burst Burst Reventar
48%
Deal Dealt Dealt Tratar
48%
Forbid Forbade Forbidden Prohibir
48%
Hang Hung Hung Colgar
48%
Ring Rang Rung Llamar
48%
Sew Sewed Sewed / Sewn Coser
48%
Shoot Shot Shot Disparar
48%
Shut Shut Shut Cerrar
48%
Spread Spread Spread Extender
48%
Spring Sprang Sprung Saltar
48%
Swim Swam Swum Nadar
48%
Understand Understood Understood Entender
48%
Win Won Won Ganar
48%
Beat Beat Beaten Golpear
45%
Be/ am, are, is Was / Were Been Ser / Estar
45%
Breed Bred Bred Criar
45%
Cling Clung Clung Agarrarse
45%
Flee Fled Fled Huir
45%
Kneel Knelt Knelt Arrodillarse
45%
Knit Knit Knit Hacer punto
45%
Leap Leapt Leapt Brincar
45%
Overcome Overcame Overcome Vencer
45%
Shake Shook Shaken Sacudir
45%
Shrink Shrank Shrunk Encogerse
45%
Seek Sought Sought Buscar
45%
Stand Stood Stood Estar en pie
45%
Sink Sank Sunk Hundir
45%
Sweep Swept Swept Barrer
45%
Weep Wept Wept Llorar
45%
Wind Wound Wound Enrollar
45%
Bind Bound Bound Atar, encuadernar
42%
Show Showed Shown Mostrar
42%
Slide Slid Slid Resbalar
42%
Sow Sowed Sowed / Sown Sembrar
42%
Spin Spun Spun Hilar
42%
Stick Stuck Stuck Pegar Engomar
42%
Undertake Undertook Undertaken Emprender
42%
Dig Dug Dug Cavar
39%
Shine Shone Shone Brillar
39%
Thrust Thrust Thrust Introducir
39%
Withdraw Withdrew Withdrawn Retirarse
39%
Spit Spat Spat Escupir
35%
Swing Swung Swung Columpiarse
35%
Wring Wrung Wrung Torcer
35%
Wear Wore Worn Llevar puesto
32%
Weave Wove Woven Tejer
32%
Bear Bore Borne / Born Soportar, dar a luz
23%
Lie Lay Lain Echarse
19%
Swell Swelled Swollen Hinchar
19%
Tread Trod Trodden Pisar, hollar
19%
Swear Swore Sworn Jurar
16%
Tear Tore Torn Rasgar
13%
No se encontraron pruebas coincidentes
Distribución de puntuación
Porcentaje de gente con cada puntuación
Porcentaje por número respondido
Historial de tus puntuaciones
No has intentado esta prueba.